|
|
|
|
| LEADER |
00692nab a2200181 i 4500 |
| 001 |
tisza5652 |
| 005 |
20200330130944.0 |
| 008 |
170504s1969 hu o 0|| hun d |
| 022 |
|
|
|a 0133-1167
|
| 040 |
|
|
|a SZTE Tiszatáj Archívum
|b hun
|
| 041 |
|
|
|a hun
|
| 100 |
1 |
|
|a Ruszoly József
|
| 245 |
1 |
2 |
|a A magyar republikánusok perei Szegeden
|h [elektronikus dokumentum] :
|b újabb adatok a Nagy György-féle mozgalom történetéhez /
|c Ruszoly József
|
| 260 |
|
|
|c 1969
|
| 300 |
|
|
|a 148-157
|
| 490 |
0 |
|
|a Tiszatáj
|v 23 No. 2
|
| 695 |
|
|
|a Nagy György, Köztársasági mozgalom - magyar - 20. sz. eleje
|
| 856 |
4 |
0 |
|u http://tiszataj.bibl.u-szeged.hu/5652/1/tiszataj_1969_002_0148-0157.pdf
|z Dokumentum-elérés
|